000 nam a22 7a 4500
999 _c28560
_d28560
008 170309b xxu||||| |||| 00| 0 eng d
020 _a1863661492
050 _aQA 276.2 .L38 1994
100 _aLovitt, Charles
245 _aMathematical curriculum and teaching program :
_bChance and data investigations /
_cCharles Lovitt and Ian Lowe
260 _aCarlton Australia :
_bCurriculum corporation ,
_c1994 .
300 _axix, 218p. :
_bill. ;
700 _aLowe, Ian
942 _2lcc
_cBOOKS
_hQA 276.2 .L38 1994